<?xml version="1.0" encoding="UTF-8"?>
<record
    xmlns:xsi="http://www.w3.org/2001/XMLSchema-instance"
    xsi:schemaLocation="http://www.loc.gov/MARC21/slim http://www.loc.gov/standards/marcxml/schema/MARC21slim.xsd"
    xmlns="http://www.loc.gov/MARC21/slim">

  <leader>01289nam2a22002651  4500</leader>
  <controlfield tag="001">RU\NLR\INFOCOMM6\5000052510</controlfield>
  <controlfield tag="005">20250617025927.0</controlfield>
  <datafield tag="035" ind1=" " ind2=" ">
    <subfield code="a">(NLR Aleph) 002401400</subfield>
  </datafield>
  <datafield tag="090" ind1=" " ind2=" ">
    <subfield code="a">4660779</subfield>
    <subfield code="c">4660779</subfield>
  </datafield>
  <datafield tag="100" ind1=" " ind2=" ">
    <subfield code="a">20050115d1978    |||y0rusy50      ca</subfield>
  </datafield>
  <datafield tag="101" ind1="0" ind2=" ">
    <subfield code="a">rus</subfield>
  </datafield>
  <datafield tag="102" ind1=" " ind2=" ">
    <subfield code="a">RU</subfield>
  </datafield>
  <datafield tag="105" ind1=" " ind2=" ">
    <subfield code="a">y   ||||000|y</subfield>
  </datafield>
  <datafield tag="200" ind1="1" ind2=" ">
    <subfield code="a">&#x41E;&#x43F;&#x442;&#x438;&#x43C;&#x438;&#x437;&#x430;&#x446;&#x438;&#x44F; &#x43C;&#x43D;&#x43E;&#x433;&#x43E;&#x444;&#x430;&#x43A;&#x442;&#x43E;&#x440;&#x43D;&#x44B;&#x445; &#x43F;&#x440;&#x43E;&#x446;&#x435;&#x441;&#x441;&#x43E;&#x432; &#x444;&#x430;&#x440;&#x43C;&#x430;&#x446;&#x435;&#x432;&#x442;&#x438;&#x447;&#x435;&#x441;&#x43A;&#x43E;&#x439; &#x442;&#x435;&#x445;&#x43D;&#x43E;&#x43B;&#x43E;&#x433;&#x438;&#x438; &#x441; &#x43F;&#x43E;&#x43C;&#x43E;&#x449;&#x44C;&#x44E; &#x43F;&#x43B;&#x430;&#x43D;&#x43E;&#x432; &#x434;&#x438;&#x441;&#x43F;&#x435;&#x440;&#x441;&#x438;&#x43E;&#x43D;&#x43D;&#x43E;&#x433;&#x43E; &#x430;&#x43D;&#x430;&#x43B;&#x438;&#x437;&#x430;</subfield>
    <subfield code="f">&#x422;.&#x410;. &#x413;&#x440;&#x43E;&#x448;&#x43E;&#x432;&#x44B;&#x439;, &#x422;.&#x413;. &#x41A;&#x430;&#x43B;&#x435;&#x43D;&#x44E;&#x43A;</subfield>
  </datafield>
  <datafield tag="210" ind1=" " ind2=" ">
    <subfield code="d">1978</subfield>
    <subfield code="a">&#x411;. &#x43C;.</subfield>
  </datafield>
  <datafield tag="461" ind1=" " ind2="0">
    <subfield code="1">001RU\NLR\INFOCOMM6\5000052208</subfield>
    <subfield code="1">2001#$a&#x425;&#x438;&#x43C;&#x438;&#x43A;&#x43E;-&#x444;&#x430;&#x440;&#x43C;&#x430;&#x446;&#x435;&#x432;&#x442;&#x438;&#x447;&#x435;&#x441;&#x43A;&#x430;&#x44F; &#x43F;&#x440;&#x43E;&#x43C;&#x44B;&#x448;&#x43B;&#x435;&#x43D;&#x43D;&#x43E;&#x441;&#x442;&#x44C;$e&#x41E;&#x431;&#x437;&#x43E;&#x440;. &#x438;&#x43D;&#x444;&#x43E;&#x440;&#x43C;.$f&#x41C;-&#x432;&#x43E; &#x43C;&#x435;&#x434;. &#x43F;&#x440;&#x43E;&#x43C;., &#x426;&#x411;&#x41D;&#x422;&#x418;&#x43C;&#x435;&#x434;&#x43F;&#x440;&#x43E;&#x43C;.$v1978, &#x412;&#x44B;&#x43F;.11</subfield>
    <subfield code="9">4659649</subfield>
    <subfield code="c">&#x41C;.</subfield>
    <subfield code="d">1970-1987</subfield>
    <subfield code="f">&#x41C;-&#x432;&#x43E; &#x43C;&#x435;&#x434;. &#x43F;&#x440;&#x43E;&#x43C;., &#x426;&#x411;&#x41D;&#x422;&#x418;&#x43C;&#x435;&#x434;&#x43F;&#x440;&#x43E;&#x43C;.</subfield>
    <subfield code="o">&#x41E;&#x431;&#x437;&#x43E;&#x440;. &#x438;&#x43D;&#x444;&#x43E;&#x440;&#x43C;.</subfield>
    <subfield code="t">&#x425;&#x438;&#x43C;&#x438;&#x43A;&#x43E;-&#x444;&#x430;&#x440;&#x43C;&#x430;&#x446;&#x435;&#x432;&#x442;&#x438;&#x447;&#x435;&#x441;&#x43A;&#x430;&#x44F; &#x43F;&#x440;&#x43E;&#x43C;&#x44B;&#x448;&#x43B;&#x435;&#x43D;&#x43D;&#x43E;&#x441;&#x442;&#x44C;</subfield>
    <subfield code="v">1978, &#x412;&#x44B;&#x43F;.11</subfield>
  </datafield>
  <datafield tag="700" ind1=" " ind2="1">
    <subfield code="a">&#x413;&#x440;&#x43E;&#x448;&#x43E;&#x432;&#x44B;&#x439;</subfield>
    <subfield code="b">&#x422;.&#x410;.</subfield>
    <subfield code="4">070</subfield>
  </datafield>
  <datafield tag="701" ind1=" " ind2="1">
    <subfield code="a">&#x41A;&#x430;&#x43B;&#x435;&#x43D;&#x44E;&#x43A;</subfield>
    <subfield code="b">&#x422;.&#x413;.</subfield>
    <subfield code="4">070</subfield>
  </datafield>
  <datafield tag="801" ind1=" " ind2="1">
    <subfield code="a">RU</subfield>
    <subfield code="b">InfoComm</subfield>
    <subfield code="c">20050117</subfield>
  </datafield>
  <datafield tag="801" ind1=" " ind2="0">
    <subfield code="a">RU</subfield>
    <subfield code="b">NLR</subfield>
    <subfield code="g">PSBO</subfield>
  </datafield>
  <datafield tag="852" ind1=" " ind2=" ">
    <subfield code="a">NLR</subfield>
    <subfield code="j">&#x41F;22/3178</subfield>
  </datafield>
  <datafield tag="942" ind1=" " ind2=" ">
    <subfield code="c">ISSUE</subfield>
  </datafield>
  <datafield tag="980" ind1=" " ind2=" ">
    <subfield code="a">NB</subfield>
  </datafield>
  <datafield tag="980" ind1=" " ind2=" ">
    <subfield code="a">RUSPER</subfield>
  </datafield>
</record>
